Clubs de Ligue 1, Ligue 2 et National (2024-2025) - Statistiques

Statistiques générales
  • Ce quiz a été pris 388 fois
    225 depuis la dernière actualisation
  • Le résultat moyen est 39 sur 53
Statistiques - réponses
% Correct
Ligue 1 Paris Saint-Germain
98%
Ligue 1 AS Monaco
96%
Ligue 1 LOSC
95%
Ligue 1 OGC Nice
95%
Ligue 1 FC Nantes
94%
Ligue 1 Olympique de Marseille
94%
Ligue 1 Olympique Lyonnais
94%
Ligue 1 RC Lens
94%
Ligue 1 Stade Brestois
93%
Ligue 1 Stade Rennais
93%
Ligue 1 Montpellier
90%
Ligue 1 AS Saint-Étienne
89%
Ligue 2 FC Metz
89%
Ligue 1 SCO Angers
89%
Ligue 1 Toulouse
89%
Ligue 1 Le Havre
88%
Ligue 1 RC Strasbourg Alsace
88%
Ligue 2 FC Lorient
87%
Ligue 2 Paris FC
87%
Ligue 2 SM Caen
85%
Ligue 1 Stade de Reims
83%
Ligue 1 AJ Auxerre
82%
Ligue 2 Clermont
80%
Ligue 2 SC Bastia
79%
Ligue 2 Red Star
78%
Ligue 2 USL Dunkerque
76%
Ligue 2 AC Ajaccio
74%
National AS Nancy
73%
National Nîmes Olympique
73%
Ligue 2 Pau FC
73%
National Dijon FCO
72%
Ligue 2 Amiens
71%
Ligue 2 En Avant Guingamp
71%
Ligue 2 ESTAC
71%
Ligue 2 Grenoble
71%
Ligue 2 FC Annecy
69%
National FC Sochaux
69%
National Le Mans
69%
Ligue 2 FC Martigues
68%
National Valenciennes
67%
National FC Rouen
62%
Ligue 2 Rodez
60%
National US Orléans
57%
National QRM
53%
National FC Versailles
50%
National LB Châteauroux
49%
National US Boulogne
49%
National US Concarneau
47%
National FC Villefranche-Beaujolais
44%
National Paris 13 Atlético
44%
National Bourg-Péronnas
38%
Ligue 2 Stade Lavallois
38%
National Aubagne FC
34%
Aucun quiz correspondant
Distribution des résultats
% des personnes avec chaque résultat
Percentile par nombre de réponses
Votre historique - résultats
Vous n’avez pas pris ce quiz depuis la dernière actualisation